<?xml version="1.0" encoding="UTF-8"?>
<record
    xmlns:xsi="http://www.w3.org/2001/XMLSchema-instance"
    xsi:schemaLocation="http://www.loc.gov/MARC21/slim http://www.loc.gov/standards/marcxml/schema/MARC21slim.xsd"
    xmlns="http://www.loc.gov/MARC21/slim">

  <leader>00976nam a22001817a 4500</leader>
  <datafield tag="999" ind1=" " ind2=" ">
    <subfield code="c">194921</subfield>
    <subfield code="d">194921</subfield>
  </datafield>
  <controlfield tag="005">20230130123129.0</controlfield>
  <datafield tag="010" ind1=" " ind2=" ">
    <subfield code="a">HIN-124792</subfield>
  </datafield>
  <datafield tag="020" ind1=" " ind2=" ">
    <subfield code="a">9789355322722</subfield>
    <subfield code="c">615.00</subfield>
  </datafield>
  <datafield tag="035" ind1=" " ind2=" ">
    <subfield code="a">HN-97138</subfield>
  </datafield>
  <datafield tag="037" ind1=" " ind2=" ">
    <subfield code="b">DBAD/PUB</subfield>
  </datafield>
  <datafield tag="082" ind1=" " ind2=" ">
    <subfield code="a">500</subfield>
  </datafield>
  <datafield tag="100" ind1=" " ind2=" ">
    <subfield code="a">&#x905;&#x917;&#x94D;&#x930;&#x939;&#x930;&#x93F;, &#x930;&#x935;&#x93F; &#x92A;&#x940;</subfield>
  </datafield>
  <datafield tag="245" ind1=" " ind2=" ">
    <subfield code="a">&#x935;&#x93F;&#x91C;&#x94D;&#x91E;&#x93E;&#x928;&#x902; &#x90F;&#x935;&#x902; &#x92A;&#x94D;&#x930;&#x94B;&#x927;&#x94B;&#x917;&#x93F;&#x915;&#x940;:</subfield>
    <subfield code="b">&#x938;&#x93F;&#x935;&#x93F;&#x932; &#x938;&#x947;&#x935;&#x93E; &#x915;&#x940; &#x92A;&#x94D;&#x930;&#x93E;&#x930;&#x902;&#x92D;&#x93F;&#x915; &#x90F;&#x935;&#x902; &#x92E;&#x941;&#x916;&#x94D;&#x92F; &#x92A;&#x930;&#x940;&#x915;&#x94D;&#x937;&#x93E; &#x939;&#x947;&#x924;&#x941;/</subfield>
    <subfield code="c">&#x930;&#x935;&#x93F; &#x92A;&#x940; &#x905;&#x917;&#x94D;&#x930;&#x939;&#x930;&#x93F;</subfield>
  </datafield>
  <datafield tag="260" ind1=" " ind2=" ">
    <subfield code="a">&#x91A;&#x947;&#x928;&#x94D;&#x928;&#x908;</subfield>
    <subfield code="b">&#x92E;&#x947;&#x915;&#x917;&#x94D;&#x930;&#x94B; &#x939;&#x93F;&#x932; &#x90F;&#x91C;&#x941;&#x915;&#x947;&#x936;&#x928; &#x92A;&#x94D;&#x930;&#x93E;&#x907;&#x935;&#x947;&#x91F; &#x932;&#x93F;&#x92E;&#x93F;&#x91F;&#x947;&#x921;</subfield>
    <subfield code="c">2023</subfield>
  </datafield>
  <datafield tag="270" ind1=" " ind2=" ">
    <subfield code="a">&#x905;&#x902;&#x91C;&#x928;&#x93E; &#x915;&#x93E;&#x92E;&#x94D;&#x92A;&#x94D;&#x932;&#x947;&#x915;&#x94D;&#x938; &#x928;. 5/90A, &#x92C;&#x91F; &#x930;&#x94B;&#x921;, &#x938;&#x947;&#x902;&#x91F; &#x925;&#x949;&#x92E;&#x938; &#x92E;&#x93E;&#x909;&#x902;&#x91F;</subfield>
    <subfield code="b">&#x91A;&#x947;&#x928;&#x94D;&#x928;&#x908;</subfield>
    <subfield code="e">600016</subfield>
  </datafield>
  <datafield tag="300" ind1=" " ind2=" ">
    <subfield code="a">&#x935;&#x93F;.&#x92A;&#x943;.</subfield>
    <subfield code="c">25&#x938;&#x947;&#x92E;&#x940;(&#x905;&#x91C;&#x93F;&#x932;&#x94D;&#x926;) </subfield>
  </datafield>
  <datafield tag="942" ind1=" " ind2=" ">
    <subfield code="a">dpl</subfield>
    <subfield code="c">HN</subfield>
    <subfield code="2">ddc</subfield>
    <subfield code="m">&#x905;&#x917;&#x94D;&#x930;&#x939;</subfield>
    <subfield code="h">500</subfield>
  </datafield>
  <datafield tag="952" ind1=" " ind2=" ">
    <subfield code="0">0</subfield>
    <subfield code="1">0</subfield>
    <subfield code="4">0</subfield>
    <subfield code="7">0</subfield>
    <subfield code="8">NFIC</subfield>
    <subfield code="a">KGM</subfield>
    <subfield code="b">KGM</subfield>
    <subfield code="d">2023-01-30</subfield>
    <subfield code="e">DBAD/PUB</subfield>
    <subfield code="g">615.00</subfield>
    <subfield code="l">1</subfield>
    <subfield code="o">500 &#x905;&#x917;&#x94D;&#x930;&#x939;</subfield>
    <subfield code="p">HN-97138</subfield>
    <subfield code="r">2026-04-16 16:17:01</subfield>
    <subfield code="s">2026-04-06</subfield>
    <subfield code="t">1</subfield>
    <subfield code="v">615.00</subfield>
    <subfield code="y">HN</subfield>
  </datafield>
</record>
